[Event "WchT Seniors 50"]
[Site "Vilnius"]
[Date "2014.07.18"]
[Round "6.3"]
[White "Cox, John J"]
[Black "Pavlovicius, Vladimir"]
[Result "0-1"]
[WhiteElo "2392"]
[BlackElo "2191"]
[PlyCount "128"]
[EventDate "2014.07.13"]
[EventType "team-swiss"]
[EventRounds "9"]
[EventCountry "LTU"]
[SourceTitle "CBM 161 Extra"]
[Source "ChessBase"]
[SourceDate "2014.08.29"]
[SourceVersion "1"]
[SourceVersionDate "2014.08.29"]
[SourceQuality "1"]
[WhiteTeam "England"]
[BlackTeam "Lithuania Maccabi"]
[WhiteTeamCountry "ENG"]
[BlackTeamCountry "LTU"]

1. c4 Nf6 2. g3 c6 3. Nf3 d5 4. Bg2 dxc4 5. 0-0 Nbd7 6. Na3 Nb6 7. Qc2 Qd5 8. b3 cxb3 9. axb3 Bf5 10. d3 Qd8 11. Nc4 Nxc4 12. bxc4 g6 13. Be3 Bg7 14. Bxa7 0-0 15. Qb2 Nh5 16. Bd4 Qc7 17. Rab1 Ra7 18. Bxg7 Nxg7 19. Qd2 Rfa8 20. Rb2 Ra1 21. Rfb1 Bc8 22. c5 Qa5 23. Qxa5 R8xa5 24. d4 Bf5 25. Rxa1 Rxa1+ 26. Bf1 Bh3 27. Nd2 Ne6 28. e3 Ng5 29. f4 Ne4 30. Rb1 Nxd2 31. Rxa1 Nxf1 32. Kf2 Nd2 33. Ra7 Be6 34. Rxb7 Kf8 35. Rb8+ Kg7 36. Rb7 Kf6 37. Rc7 Bd5 38. g4 h6 39. h4 Ne4+ 40. Ke2 h5 41. Kf3 Nxc5+ 42. Ke2 Ne4 43. gxh5 gxh5 44. Rc8 Kg7 45. Ra8 Ng3+ 46. Kd3 Be4+ 47. Kd2 Nf5 48. Ra5 f6 49. Ra7 Kf7 50. Ra5 Kg6 51. Ra7 e6 52. Ra8 Nxh4 53. Rg8+ Kf5 54. Rh8 Kg4 55. Rh6 Ng6 56. Ke2 h4 57. Kf2 h3 58. Kg1 Kg3 59. Rh7 Nxf4 60. Rg7+ Ng6 61. Rh7 e5 62. Rh6 exd4 63. exd4 Bd3 64. Rh5 Nf4 0-1

[Event "LTU-ch"]
[Site "Vilnius"]
[Date "2000.04.01"]
[Round "8"]
[White "Sarakauskas, Gediminas"]
[Black "Pavlovicius, Vladimir"]
[Result "1-0"]
[WhiteElo "2352"]
[BlackElo "2277"]
[PlyCount "63"]
[EventDate "2000.03.25"]
[EventType "swiss"]
[EventRounds "9"]
[EventCountry "LTU"]
[SourceTitle "CBM 075 Extra"]
[Source "ChessBase"]
[SourceDate "2000.05.11"]
[SourceVersion "2"]
[SourceVersionDate "2000.05.11"]
[SourceQuality "1"]

1. c4 Nf6 2. Nf3 c5 3. g3 b6 4. Bg2 Bb7 5. 0-0 g6 6. Nc3 Bg7 7. d4 cxd4 8. Nxd4 Bxg2 9. Kxg2 0-0 10. e4 Nc6 11. Be3 Qc8 12. b3 Qb7 13. f3 Rac8 14. Qd2 Rfe8 15. Rac1 d6 16. Rfd1 Ne5 17. Nde2 Nfd7 18. Bh6 Bh8 19. h4 Nf6 20. Nf4 b5 21. Nxb5 Nxf3 22. Qe2 Ne5 23. Nd5 Nfg4 24. Bg5 f6 25. Bf4 f5 26. Bg5 h6 27. Bxe7 Nf7 28. exf5 gxf5 29. Qe6 Qc6 30. Nd4 Bxd4 31. Rxd4 Rxe7 32. Qxc8+ 1-0

[Event "LTU-ch"]
[Site "Vilnius"]
[Date "2000.03.31"]
[Round "7"]
[White "Pavlovicius, Vladimir"]
[Black "Petuchovskij, Edgar"]
[Result "1-0"]
[WhiteElo "2277"]
[BlackElo "2118"]
[PlyCount "67"]
[EventDate "2000.03.25"]
[EventType "swiss"]
[EventRounds "9"]
[EventCountry "LTU"]
[SourceTitle "CBM 075 Extra"]
[Source "ChessBase"]
[SourceDate "2000.05.11"]
[SourceVersion "2"]
[SourceVersionDate "2000.05.11"]
[SourceQuality "1"]

1. d4 Nf6 2. c3 d5 3. Bg5 b6 4. Nd2 e6 5. f4 Ba6 6. Ngf3 Qd6 7. Bxf6 gxf6 8. e4 Bxf1 9. Rxf1 dxe4 10. Nxe4 Qxf4 11. Qe2 Be7 12. Ne5 Qh4+ 13. g3 Qh6 14. Ng4 Qg7 15. Ngxf6+ Bxf6 16. Nxf6+ Kd8 17. d5 exd5 18. 0-0-0 Kc8 19. Rxd5 Kb7 20. Qc4 Qh6+ 21. Rd2 Nc6 22. Ne4 Rad8 23. Rf6 Ne5 24. Nd6+ Rxd6 25. Qe4+ Nc6 26. Rxh6 Rxh6 27. Qf4 Re6 28. Qxf7 Re7 29. Qf3 Rhe8 30. g4 Re3 31. Qg2 R8e4 32. g5 Ne5 33. Rd4 Re1+ 34. Kd2 1-0

[Event "LTU-ch"]
[Site "Vilnius"]
[Date "1999.??.??"]
[Round "?"]
[White "Pavlovicius, Vladimir"]
[Black "Butnorius, Algimantas"]
[Result "0-1"]
[WhiteElo "2315"]
[BlackElo "2445"]
[PlyCount "44"]
[EventDate "1999.??.??"]
[EventType "swiss"]
[EventRounds "9"]
[EventCountry "LTU"]
[SourceTitle "EXT 2000"]
[Source "ChessBase"]
[SourceDate "1999.11.16"]
[SourceVersion "1"]
[SourceVersionDate "1999.11.16"]
[SourceQuality "1"]

1. d4 Nf6 2. Nf3 g6 3. c3 Bg7 4. Bg5 0-0 5. Nbd2 d5 6. e3 Nbd7 7. Bd3 c5 8. 0-0 b6 9. Qe2 Bb7 10. Bxf6 Nxf6 11. Ba6 Qc8 12. Bxb7 Qxb7 13. Ne5 Rac8 14. a4 Ne8 15. Qg4 Nd6 16. f4 Rc7 17. h4 h5 18. Qh3 Qc8 19. Kh2 Qf5 20. Rac1 Rfc8 21. Rg1 cxd4 22. exd4 Qxf4+ 0-1

[Event "LTU-ch"]
[Site "Vilnius"]
[Date "1995.??.??"]
[Round "5"]
[White "Pavlovicius, Vladimir"]
[Black "Piesina, Gintautas"]
[Result "0-1"]
[WhiteElo "2325"]
[BlackElo "2400"]
[PlyCount "76"]
[EventDate "1995.??.??"]
[EventType "swiss"]
[EventRounds "9"]
[EventCountry "LTU"]
[SourceTitle "CBM 049 Extra"]
[Source "ChessBase"]
[SourceDate "1996.01.01"]
[SourceVersion "1"]
[SourceVersionDate "1996.01.01"]
[SourceQuality "1"]

1. d4 g6 2. c3 Bg7 3. Bg5 d6 4. Nd2 Nd7 5. e4 c5 6. Ngf3 cxd4 7. Nxd4 Ngf6 8. Be2 0-0 9. 0-0 Qc7 10. a4 b6 11. Nb5 Qb8 12. Nc4 Bb7 13. f3 a6 14. Nd4 d5 15. exd5 Nxd5 16. Qd2 Nc5 17. Bh6 Bxh6 18. Qxh6 e5 19. Nc2 Nf4 20. Rfe1 Qc7 21. N2e3 Rad8 22. Ng4 f6 23. Nce3 Ncd3 24. Bxd3 Nxd3 25. Re2 Nf4 26. Rc2 a5 27. Nf2 Rd6 28. g3 Ne6 29. Ne4 Bxe4 30. fxe4 Ng5 31. Nd5 Qg7 32. Qxg7+ Kxg7 33. Re2 Nxe4 34. Ne3 Rc8 35. c4 Nc5 36. Nd5 Nb3 37. Ra3 Nd4 38. Rd2 Rxc4 0-1